El ecosistema de manglar en América Latina y la cuenca del Caribe : (Registro nro. 2102)

Detalles MARC
000 -CABECERA
Campo de control 01179nam a2200277 a 4500
005 - FECHA Y HORA DE LA ULTIMA TRANSACCION
Campo de control 20160213020002.0
008 - ELEMENTOS DE LONGITUD FIJA—INFORMACION GENERAL
Campo de control 941019s1994 flub b 000 0 spa d
020 ## - ISBN
ISBN 0964231506
040 ## - FUENTE DE CATALOGACIÓN
Agencia catalogadora original CSfA
Agencia transcriptora CSfA
Agencia Modificadora NNM
-- DLC
-- CO-BoIAVH
041 0# - IDIOMA
Código de idioma para texto/pista de sonido o título separado Español
044 ## - PAÍS DE PUBLICACIÓN
País de publicación Estados Unidos
082 04 - NUMERO DE CLASIFICACION DECIMAL DEWEY
Número de clasificación 577.6981
Número del ítem S95e
245 03 - MENCION DE TITULO
Título El ecosistema de manglar en América Latina y la cuenca del Caribe :
Parte restante del título su manejo y conservacón /
Mención de responsabilidad Daniel O. Suman, editor.
260 ## - PUBLICACION, DISTRIBUCION, ETC. (PIE DE IMPRENTA)
Lugar de publicación, distribución, etc. Miami, Fla. :
Nombre del editor, distribuidor, etc. Rosenstiel School of Marine and Atmospheric Science, Universidad de Miami ;
Lugar de publicación, distribución, etc. New York, N.Y. :
Nombre del editor, distribuidor, etc. Tinker Foundation,
Fecha de publicación, distribución, etc. 1994.
300 ## - DESCRIPCION FISICA
Extensión vi, 263 páginas :
Otros detalles físicos mapas ;
Dimensiones 28 x 22 cm.
500 ## - NOTA GENERAL
Nota general Inglés y español.
504 ## - NOTA DE BIBLIOGRAFIA, ETC.
Nota de bibliografía Incluye referencias bibliográficas.
650 #6 - ASIENTO SECUNDARIO DE MATERIA - TERMINO TEMATICO
Término temático o nombre geográfico como elemento de entrada Ecología de manglares
Subdivisión geográfica América Latina
9 (RLIN) 44812
650 #6 - ASIENTO SECUNDARIO DE MATERIA - TERMINO TEMATICO
Término temático o nombre geográfico como elemento de entrada Ecología de manglares
Subdivisión geográfica Área caribe
9 (RLIN) 44813
650 #4 - ASIENTO SECUNDARIO DE MATERIA - TERMINO TEMATICO
Término temático o nombre geográfico como elemento de entrada Conservación de manglares
Subdivisión geográfica América Latina
9 (RLIN) 44814
650 #4 - ASIENTO SECUNDARIO DE MATERIA - TERMINO TEMATICO
Término temático o nombre geográfico como elemento de entrada Conservación de manglares
Subdivisión geográfica Área caribe
9 (RLIN) 44815
700 1# - ASIENTO SECUNDARIO - NOMBRE PERSONAL
Nombre personal Suman, Daniel Oscar,
Fechas asociadas con el nombre 1950-
Término de relación Editor
9 (RLIN) 44816
710 2# - ASIENTO SECUNDARIO - NOMBRE CORPORATIVO
Nombre corporativo o de jurisdicción como elemento de entrada Rosenstiel School of Marine and Atmospheric Science.
9 (RLIN) 44817
710 2# - ASIENTO SECUNDARIO - NOMBRE CORPORATIVO
Nombre corporativo o de jurisdicción como elemento de entrada Tinker Foundation.
9 (RLIN) 44818
942 ## - ELEMENTOS ADICIONALES (KOHA)
Sistema de clasificación Dewey Decimal Classification
Tipo de ítem Libro
Koha issues (borrowed), all copies 2
Existencias
Withdrawn status Lost status Sistema de Clasificación Damaged status No para préstamo Colección Inventariado Ubicación Permanente Ubicación actual Fecha de adquisición Fuente de Valor Valor Total Checkouts Número topográfico Inventario / Código de Barras Date last seen Date checked out Ejemplar Price effective from Forma de adquisición Tipo de material
    Dewey Decimal Classification     General Inventariado 2017 Bogotá Bogotá 30/01/2001 Instituto 39000.00 2 LB-577.6981 S95e 002607 12/02/2016 12/02/2016 Ej. 1 04/12/2012   Libro